LEADER 01502nam a2200301 i 4500 001 000000168795 003 CaOOAMICUS 005 20080128000000.0 008 080128s2007 it u000 u ita u 013 $a146197 020 $a978-88-215-6027-9 040 $aSeMil$bita 100 1 $aBettetini, Andrea,$d<1963- >.$0(OLS)http://semarc/name/63344 245 10$aRi-conoscere la famiglia :$bquale valore aggiunto per la persona e la societą /$cContributi di Andrea Bettetini ... [et al.] ; a cura di Pierpaolo Donati. 260 $aCinisello Balsamo :$bSan Paolo,$ccopyr. 2007. 300 $a440 p. :$btabelle ;$c22 cm. 490 0 $aLa famiglia nel mondo contemporaneo ;$v20 500 $aIn testa al front : Decimo Rapporto CISF sulla Famiglia in Italia. 650 4$aFamiglia - Studi.$0(OLS)http://semarc/subject/5647 650 4$aFamiglia - Italia.$0(OLS)http://semarc/subject/9456 700 1 $aDonati, Pierpaolo,$d<1946- >.$0(OLS)http://semarc/name/89 830 3$aLa famiglia nel mondo contemporaneo ;$v20.$0(OLS)http://semarc/title/587 850 $aSeMil 852 $aSeMil$W1$xVenegono$y1$m3N VI 250$j119803$B119803$CSeMilBibl$Z2$F130884 $81 961 $aSottoscrizione: Cittą Nuova (Agente) 996 $6020$a978-88-215-6027-9$9(OLS)http://semarc/number/155618 996 $6245$aRi-conoscere la famiglia :$bquale valore aggiunto per la persona e la societą$9(OLS)http://semarc/title/241447 996 $6260$aCinisello Balsamo :$bSan Paolo$9(OLS)http://semarc/publisher/30129 LEADER 01253nam a2200241 i 4500 001 000000257868 003 CaOOAMICUS 005 20180330000000.0 008 180330s1814 it u000 u ita u 013 $a236776 026 $alihe lihe mi." Auto (3) 1814 (A) 040 $aSeMil$bita 245 10$aIstoria del diciotto brumale e di Buonaparte del sig. Galais autore del Diciotto fruttidoro e dell'Appello alla posteritą ... Parte prima. 260 $aMilano :$bPresso Sonzogno e Compagni,$c1814. 300 $a104 p. ;$c8°. 600 04$aNapoleone I : Bonaparte .$0(OLS)http://semarc/subject/350 700 1 $aGallais, Jean-Pierre,$d<1756-1820>.$0(OLS)http://semarc/name/89265 710 2 $aSonzogno e C.$c.$0(OLS)http://semarc/name/11985 773 0 $t[Opuscoli all'epoca della Rivoluzione francese.$w()4498 850 $aSeMil 852 $aSeMil$W1$xVenegono$y1$m3R VII 6/4 FA$j208214$B208214$CSeMilBibl$Z2$F221809 $8I 996 $6245$aIstoria del diciotto brumale e di Buonaparte del sig. Galais autore del Diciotto fruttidoro e dell'Appello alla posteritą ... Parte prima$9(OLS)http://semarc/title/413137 996 $6260$aMilano :$bPresso Sonzogno e Compagni$9(OLS)http://semarc/publisher/55439